banner koha

Condições ergonômicas dos trabalhadores em galpões de frangos de corte durante a fase de aquecimento (Registro n. 224220)

MARC details
000 -LÍDER
campo de controle de tamanho fixo 01040nas a2200313 4500
001 - NÚMERO DE CONTROLE
campo de controle BR2012009179
003 - IDENTIFICADOR DO NÚMERO DE CONTROLE
campo de controle BR-BrBNA
005 - DATA E HORÁRIO DA ÚLTIMA TRANSAÇÃO
campo de controle 20231205121559.0
007 - CAMPO FIXO DE DESCRIÇÃO FÍSICA--INFORMAÇÃO GERAL
campo de controle de tamanho fixo ta
008 - CAMPO DE DADOS FIXOS--INFORMAÇÃO GERAL
campo de controle de tamanho fixo 230509b bl.|||p| |||| 00| 00por d
040 ## - FONTE DA CATALOGAÇÃO
Instituição da catalogação original BR-BrBNA
Idioma da catalogação por
Instituição que transcreveu o registro Biblioteca Nacional de Agricultura
041 ## - CÓDIGO DE IDIOMA
Código do idioma do texto/trilha sonora ou título diferente (Pt)
072 ## - CÓDIGO DE CATEGORIA DE ASSUNTO
Código de Categoria de Assunto T01; L01
100 1# - ENTRADA PRINCIPAL--NOME PESSOAL
Nome pessoal Carvalho, C. da C.S.
100 1# - ENTRADA PRINCIPAL--NOME PESSOAL
Nome pessoal Souza, C. de F.
100 1# - ENTRADA PRINCIPAL--NOME PESSOAL
Nome pessoal Tinoco, I. de F.F.
100 1# - ENTRADA PRINCIPAL--NOME PESSOAL
Nome pessoal Vieira, M. de F.A.
100 1# - ENTRADA PRINCIPAL--NOME PESSOAL
Nome pessoal Menegali, I.
100 1# - ENTRADA PRINCIPAL--NOME PESSOAL
Nome pessoal Santos, C.R. dos
245 1# - TÍTULO
Título Condições ergonômicas dos trabalhadores em galpões de frangos de corte durante a fase de aquecimento
650 ## - ASSUNTO--TERMO TÓPICO
Cabeçalho tópico ou nome geográfico TRABALHADOR RURAL
650 ## - ASSUNTO--TERMO TÓPICO
Cabeçalho tópico ou nome geográfico ERGONOMIA
650 ## - ASSUNTO--TERMO TÓPICO
Cabeçalho tópico ou nome geográfico VENTILAÇÃO
650 ## - ASSUNTO--TERMO TÓPICO
Cabeçalho tópico ou nome geográfico AVICULTURA
773 0# - ENTRADA ANALÍTICA
Título Revista Brasileira de Engenharia Agrícola e Ambiental (Brazil)
ISSN - International Standard Serial Number ISSN 1807-1929
Partes relacionadas (Nov-2012), v.16(11) p. 1243-1251
Número de controle do registro BR2012009179
856 40 - LOCALIZAÇÃO ELETRÔNICA E ACESSO
Uniform Resource Identifier <a href="http://www.agriambi.com.br/revista/v16n11/v16n11a14.pdf">http://www.agriambi.com.br/revista/v16n11/v16n11a14.pdf</a>
909 ## -
-- 202311
-- Lúcia
-- 55
-- Lúcia Elande
942 ## - ELEMENTOS DE ENTRADA ADICIONADOS (KOHA)
Fonte da classificação ou esquema de arquivamento na estante Classificação AGRIS
Ocultar no OPAC Não
Tipo de material Koha Analítica
Exemplares
Situação do descarte Fonte da classificação ou esquema de arquivamento na estante Situação física Não pode ser emprestado Biblioteca de origem Biblioteca atual Localização na estante Enumeração do periódico / cronologia Total de empréstimos Data de último acesso Número do exemplar Tipo de material Koha Fonte de aquisição
  Classificação AGRIS   Consulta local Biblioteca Nacional de Agricultura - Binagri Biblioteca Nacional de Agricultura - Binagri   (Nov-2012), v.16(11) p. 1243-1251   29/11/2023 01 Periódicos Portaria Interministerial nº 164/94

BINAGRI

Telefone: (61)3218-2567/2388/3357/2097 - binagri@agro.gov.br

Ministério da Agricultura e Pecuária , Esplanada dos Ministérios, Bloco D, Anexo B, Brasília/DF, CEP: 70.043-900